[Event "Titled Tuesday intern op 18th Apr Early"]
[Site "Chess.com INT"]
[Date "2023.04.18"]
[Round "1"]
[White "Hnydiuk, Aleksander"]
[Black "Akinseye, Akinleye"]
[Result "1-0"]
[WhiteElo "2363"]
[BlackElo "1797"]
[PlyCount "59"]
[EventDate "2023.04.18"]
[EventType "swiss (blitz)"]
[EventRounds "11"]
[EventCountry "USA"]
[SourceTitle "EXT 2024"]
[Source "ChessBase"]
[SourceDate "2023.10.10"]
[SourceVersion "1"]
[SourceVersionDate "2023.10.10"]
[SourceQuality "1"]

1. e4 d5 2. Nf3 dxe4 3. Ng5 Nf6 4. Bc4 e6 5. Nc3 Nbd7 6. Ncxe4 Nxe4 7. Nxe4 Nf6 8. Qe2 Be7 9. d3 0-0 10. Bf4 a6 11. 0-0-0 b5 12. Bb3 Bb7 13. h4 Nd5 14. Bg5 a5 15. Nc5 Bc6 16. c3 a4 17. Bc2 h6 18. Bxe7 Qxe7 19. d4 b4 20. Qd3 Nf6 21. c4 b3 22. axb3 axb3 23. Bb1 g6 24. h5 Ra1 25. hxg6 fxg6 26. Rxh6 Rf7 27. Rdh1 Kf8 28. Rh8+ Ng8 29. Qxg6 Rg7 30. Nxe6+ 1-0

[Event "Titled Tuesday intern op 03rd Jan Late"]
[Site "Chess.com INT"]
[Date "2023.01.03"]
[Round "1"]
[White "Akinseye, Akinleye"]
[Black "Goltseva, Ekaterina"]
[Result "0-1"]
[WhiteElo "1797"]
[BlackElo "2280"]
[PlyCount "82"]
[EventDate "2023.01.03"]
[EventType "swiss (blitz)"]
[EventRounds "11"]
[EventCountry "USA"]
[SourceTitle "EXT 2024"]
[Source "ChessBase"]
[SourceDate "2023.10.10"]
[SourceVersion "1"]
[SourceVersionDate "2023.10.10"]
[SourceQuality "1"]

1. e4 e5 2. Nf3 Nc6 3. Bc4 Nf6 4. d3 Be7 5. 0-0 0-0 6. c3 d5 7. exd5 Nxd5 8. Bxd5 Qxd5 9. d4 exd4 10. cxd4 Bg4 11. Be3 Bxf3 12. Qxf3 Qxf3 13. gxf3 Rad8 14. Rd1 Bf6 15. Na3 Nxd4 16. Bxd4 Bxd4 17. Rab1 a6 18. Nc2 Bc5 19. Ne3 g6 20. Kg2 Kg7 21. a3 Bd4 22. b4 Rfe8 23. Nc2 Bc3 24. Ne3 Bd4 25. Nc2 Bb6 26. Kf1 c6 27. Ne1 h5 28. Ng2 g5 29. h4 f6 30. hxg5 fxg5 31. f4 g4 32. Nh4 Kf6 33. Rxd8 Rxd8 34. Re1 Rd2 35. Re2 Rd3 36. Ra2 Bc7 37. Ng2 Rd1+ 38. Ke2 Rg1 39. Ne3 Bxf4 40. Rd2 h4 41. Rd6+ Bxd6 0-1

[Event "Titled Tuesday intern op 06th Sep Early"]
[Site "Chess.com INT"]
[Date "2022.09.06"]
[Round "10"]
[White "Akinseye, Akinleye"]
[Black "Mitrovic, Darko R"]
[Result "0-1"]
[WhiteElo "1797"]
[BlackElo "2223"]
[PlyCount "48"]
[EventDate "2022.09.06"]
[EventType "swiss (blitz)"]
[EventRounds "11"]
[EventCountry "USA"]
[SourceTitle "EXT 2023"]
[Source "ChessBase"]
[SourceDate "2022.10.05"]
[SourceVersion "1"]
[SourceVersionDate "2022.10.05"]
[SourceQuality "1"]

1. e4 e6 2. d4 d5 3. exd5 exd5 4. Nf3 Nf6 5. h3 Bd6 6. Bd3 Qe7+ 7. Qe2 Qxe2+ 8. Bxe2 0-0 9. 0-0 Bf5 10. Bg5 Bxc2 11. Bxf6 gxf6 12. Nc3 c6 13. Rac1 Bg6 14. Rfe1 Nd7 15. Rcd1 Rfe8 16. Nh2 Re7 17. Bg4 f5 18. Bf3 Rae8 19. Kf1 Rxe1+ 20. Rxe1 Rxe1+ 21. Kxe1 Bxh2 22. g3 f4 23. Bg4 fxg3 24. Bxd7 g2 0-1

[Event "Titled Tuesday intern op 06th Sep Early"]
[Site "Chess.com INT"]
[Date "2022.09.06"]
[Round "1"]
[White "Akinseye, Akinleye"]
[Black "Tasev, Dejan"]
[Result "0-1"]
[WhiteElo "1797"]
[BlackElo "2188"]
[PlyCount "90"]
[EventDate "2022.09.06"]
[EventType "swiss (blitz)"]
[EventRounds "11"]
[EventCountry "USA"]
[SourceTitle "EXT 2023"]
[Source "ChessBase"]
[SourceDate "2022.10.05"]
[SourceVersion "1"]
[SourceVersionDate "2022.10.05"]
[SourceQuality "1"]

1. e4 c6 2. d4 d5 3. exd5 cxd5 4. h3 Nc6 5. Nf3 g6 6. Bd3 Bf5 7. 0-0 Bxd3 8. Qxd3 Bg7 9. c3 e6 10. Bf4 Nge7 11. Nbd2 0-0 12. Rfe1 Rc8 13. Ne5 a6 14. Ndf3 Na5 15. Nd2 Nf5 16. Ng4 h5 17. Ne3 Nd6 18. Nc2 Nac4 19. Nxc4 Nxc4 20. Rab1 Re8 21. Ne3 b5 22. Nxc4 Rxc4 23. Qd2 Qa5 24. a3 Qb6 25. Bh6 Bh8 26. Bf4 a5 27. Rbc1 Rec8 28. Be5 Bxe5 29. Rxe5 b4 30. axb4 axb4 31. Re3 bxc3 32. bxc3 Qb3 33. g3 Kg7 34. Kg2 Ra8 35. Rc2 Qa3 36. f4 Qd6 37. Kf3 Rca4 38. g4 hxg4+ 39. hxg4 Rh8 40. Kg3 Ra1 41. Re2 Rah1 42. Rg2 R8h3+ 43. Kf2 Qe7 44. g5 Qc7 45. Qe2 Qxf4+ 0-1

[Event "Titled Tuesday intern op 06th Sep Late"]
[Site "Chess.com INT"]
[Date "2022.09.06"]
[Round "11"]
[White "Akinseye, Akinleye"]
[Black "Todorovic, Bojan"]
[Result "0-1"]
[WhiteElo "1797"]
[BlackElo "2176"]
[PlyCount "60"]
[EventDate "2022.09.06"]
[EventType "swiss (blitz)"]
[EventRounds "11"]
[EventCountry "USA"]
[SourceTitle "EXT 2023"]
[Source "ChessBase"]
[SourceDate "2022.10.05"]
[SourceVersion "1"]
[SourceVersionDate "2022.10.05"]
[SourceQuality "1"]

1. e4 c5 2. Nc3 Nc6 3. Nf3 e5 4. Bb5 d6 5. h3 Be7 6. d3 h6 7. Be3 Nf6 8. Qd2 0-0 9. 0-0 Nd4 10. Bc4 Nxf3+ 11. gxf3 Bxh3 12. Rfe1 Nh7 13. Bxh6 gxh6 14. Qxh6 Be6 15. Nd5 Kh8 16. Kf1 Rg8 17. Ke2 Rg6 18. Qh3 Bxh3 19. Rh1 Rh6 20. Rag1 Bg5 21. Rg3 Qd7 22. Rgxh3 Rxh3 23. Rxh3 Qxh3 24. Nc7 Rf8 25. Nb5 f5 26. Nxd6 fxe4 27. Nf7+ Rxf7 28. Bxf7 Qxf3+ 29. Kf1 e3 30. Bd5 Qxf2# 0-1

[Event "Titled Tuesday intern op 06th Sep Early"]
[Site "Chess.com INT"]
[Date "2022.09.06"]
[Round "3"]
[White "Akinseye, Akinleye"]
[Black "Valle Maytin, Luis Enrique"]
[Result "0-1"]
[WhiteElo "1797"]
[BlackElo "2268"]
[PlyCount "40"]
[EventDate "2022.09.06"]
[EventType "swiss (blitz)"]
[EventRounds "11"]
[EventCountry "USA"]
[SourceTitle "EXT 2023"]
[Source "ChessBase"]
[SourceDate "2022.10.05"]
[SourceVersion "1"]
[SourceVersionDate "2022.10.05"]
[SourceQuality "1"]

1. e4 c6 2. d4 d5 3. exd5 cxd5 4. h3 Nf6 5. Nf3 g6 6. Bd3 Bg7 7. 0-0 0-0 8. c3 Nc6 9. Bf4 Bf5 10. Re1 Kh8 11. Qc2 e6 12. Nbd2 Rc8 13. Bxf5 gxf5 14. Qd3 Rg8 15. Ne5 Nxe5 16. Bxe5 Ne4 17. Bxg7+ Rxg7 18. Nf3 Qe7 19. Nd2 Qg5 20. Nxe4 Qxg2# 0-1

[Event "Titled Tuesday intern op 30th Aug Late"]
[Site "Chess.com INT"]
[Date "2022.08.30"]
[Round "5"]
[White "Akinseye, Akinleye"]
[Black "Ardila, Oscar Humberto"]
[Result "1/2-1/2"]
[WhiteElo "1797"]
[BlackElo "2019"]
[PlyCount "87"]
[EventDate "2022.08.30"]
[EventType "swiss (blitz)"]
[EventRounds "11"]
[EventCountry "USA"]
[SourceTitle "EXT 2023"]
[Source "ChessBase"]
[SourceDate "2022.10.05"]
[SourceVersion "1"]
[SourceVersionDate "2022.10.05"]
[SourceQuality "1"]

1. e4 e5 2. Nf3 Nf6 3. Nc3 Nc6 4. Bc4 Bb4 5. d3 d6 6. h3 0-0 7. 0-0 Qe7 8. Nd5 Nxd5 9. Bxd5 Be6 10. Bb3 Rad8 11. Qe2 Bc5 12. c3 Kh8 13. Bc2 f5 14. exf5 Bxf5 15. d4 Bb6 16. dxe5 Rde8 17. Bxf5 Rxf5 18. Qd3 Rf7 19. exd6 cxd6 20. Re1 Qf8 21. Rxe8 Qxe8 22. Bd2 Ne5 23. Nxe5 dxe5 24. Be3 e4 25. Qd5 Bxe3 26. fxe3 h6 27. Rd1 Re7 28. Qd4 a6 29. Qd6 Kh7 30. Rd4 Re6 31. Qd7 Qg6 32. Qxb7 Qg3 33. Rxe4 Qe1+ 34. Kh2 Rg6 35. Re7 Qg3+ 36. Kh1 Qe1+ 37. Kh2 Qg3+ 38. Kh1 h5 39. Qe4 Qe1+ 40. Kh2 Qg3+ 41. Kg1 Qe1+ 42. Kh2 Qg3+ 43. Kh1 Qe1+ 44. Kh2 1/2-1/2

[Event "Titled Tuesday intern op 30th Aug Early"]
[Site "Chess.com INT"]
[Date "2022.08.30"]
[Round "3"]
[White "Akinseye, Akinleye"]
[Black "Carrasco Miranda, Andres"]
[Result "0-1"]
[WhiteElo "1797"]
[BlackElo "2285"]
[PlyCount "94"]
[EventDate "2022.08.30"]
[EventType "swiss (blitz)"]
[EventRounds "11"]
[EventCountry "USA"]
[SourceTitle "EXT 2023"]
[Source "ChessBase"]
[SourceDate "2022.10.05"]
[SourceVersion "1"]
[SourceVersionDate "2022.10.05"]
[SourceQuality "1"]

1. e4 c5 2. d4 cxd4 3. c3 dxc3 4. Nxc3 d6 5. Nf3 Nf6 6. Bc4 e6 7. Qe2 Nc6 8. 0-0 Be7 9. Rd1 Qa5 10. Bd2 Qh5 11. h3 0-0 12. Bf4 Rd8 13. Nb5 e5 14. Bg5 a6 15. Bxf6 Bxf6 16. Nxd6 Rf8 17. a3 Be7 18. Nxc8 Raxc8 19. Rd7 b5 20. Bd5 Bc5 21. Rc1 Nb8 22. Bxf7+ Rxf7 23. Rxf7 Qxf7 24. Qd1 Qe6 25. b4 Bf8 26. Rxc8 Qxc8 27. Qd5+ Kh8 28. Nxe5 Qc1+ 29. Kh2 Qf4+ 30. g3 Qxf2+ 31. Kh1 h6 32. Ng6+ Kh7 33. Qe6 Qe1+ 34. Kh2 Qd2+ 35. Kh1 Qd6 36. Qf5 Kg8 37. Nf4 Nc6 38. Ne6 Qd1+ 39. Kh2 Qd2+ 40. Kh1 Qd6 41. g4 Nd4 42. Qxf8+ Qxf8 43. Nxf8 Kxf8 44. Kg2 Nc2 45. Kf2 Nxa3 46. Ke3 Nc2+ 47. Kd3 Nxb4+ 0-1

[Event "Titled Tuesday intern op 30th Aug Late"]
[Site "Chess.com INT"]
[Date "2022.08.30"]
[Round "4"]
[White "Estrada Nieto, Julian"]
[Black "Akinseye, Akinleye"]
[Result "1-0"]
[WhiteElo "2260"]
[BlackElo "1797"]
[PlyCount "113"]
[EventDate "2022.08.30"]
[EventType "swiss (blitz)"]
[EventRounds "11"]
[EventCountry "USA"]
[SourceTitle "EXT 2023"]
[Source "ChessBase"]
[SourceDate "2022.10.05"]
[SourceVersion "1"]
[SourceVersionDate "2022.10.05"]
[SourceQuality "1"]

1. e4 d6 2. d4 c6 3. Nc3 Nf6 4. Nf3 Qa5 5. Bd3 Bg4 6. 0-0 Nbd7 7. Bd2 Qc7 8. h3 Bxf3 9. Qxf3 e5 10. d5 c5 11. Nb5 Qc8 12. c4 a6 13. Nc3 Be7 14. Qe2 0-0 15. f4 Ne8 16. Qf2 exf4 17. Bxf4 f6 18. Be2 Ne5 19. Qg3 g5 20. Bxe5 dxe5 21. Bg4 Qd8 22. Be6+ Kh8 23. Rad1 Ng7 24. Bf5 Nh5 25. Qg4 Ng7 26. Qf3 Qe8 27. Kh1 Qh5 28. g4 Qh4 29. d6 Bd8 30. Kg2 h5 31. Nd5 Nxf5 32. exf5 Kg7 33. Ne7 hxg4 34. hxg4 Rh8 35. Rh1 Qxh1+ 36. Rxh1 Rxh1 37. Kxh1 Bxe7 38. dxe7 Kf7 39. Qxb7 Re8 40. Qxa6 Rxe7 41. Qb5 e4 42. Kg1 e3 43. Kf1 e2+ 44. Ke1 Re5 45. Qb7+ Re7 46. Qf3 Re5 47. Qxe2 Rxe2+ 48. Kxe2 Ke7 49. Kd3 Kd6 50. Ke4 Kc6 51. b3 Kd6 52. a3 Kc6 53. b4 cxb4 54. axb4 Kd6 55. c5+ Kc6 56. Kd4 Kb5 57. Kd5 1-0

[Event "Titled Tuesday intern op 30th Aug Late"]
[Site "Chess.com INT"]
[Date "2022.08.30"]
[Round "6"]
[White "Hayrapetyan, Hovik"]
[Black "Akinseye, Akinleye"]
[Result "1-0"]
[WhiteElo "2476"]
[BlackElo "1797"]
[PlyCount "47"]
[EventDate "2022.08.30"]
[EventType "swiss (blitz)"]
[EventRounds "11"]
[EventCountry "USA"]
[SourceTitle "EXT 2023"]
[Source "ChessBase"]
[SourceDate "2022.10.05"]
[SourceVersion "1"]
[SourceVersionDate "2022.10.05"]
[SourceQuality "1"]

1. d4 d6 2. Nf3 g6 3. h4 Nf6 4. Nc3 Bg4 5. e4 c6 6. Be2 Bxf3 7. Bxf3 h5 8. Bg5 Nbd7 9. Qe2 Qa5 10. 0-0 Bg7 11. a3 e5 12. Rad1 0-0 13. dxe5 dxe5 14. Qc4 Qc7 15. Nd5 Nxd5 16. exd5 Nb6 17. Qc5 Na4 18. Qb4 Nb6 19. d6 Qd7 20. c4 Rac8 21. c5 Na8 22. Qc4 b6 23. b4 bxc5 24. bxc5 1-0

[Event "Titled Tuesday intern op 30th Aug Late"]
[Site "Chess.com INT"]
[Date "2022.08.30"]
[Round "3"]
[White "Prieto Aranguren, Alain"]
[Black "Akinseye, Akinleye"]
[Result "0-1"]
[WhiteElo "2247"]
[BlackElo "1797"]
[PlyCount "58"]
[EventDate "2022.08.30"]
[EventType "swiss (blitz)"]
[EventRounds "11"]
[EventCountry "USA"]
[SourceTitle "EXT 2023"]
[Source "ChessBase"]
[SourceDate "2022.10.05"]
[SourceVersion "1"]
[SourceVersionDate "2022.10.05"]
[SourceQuality "1"]

1. e4 d6 2. b3 c6 3. Bb2 Nf6 4. f3 Nbd7 5. Nh3 e5 6. Bc4 Be7 7. Nf2 b5 8. Bf1 a5 9. d4 Qc7 10. Nd2 Ba6 11. Nd3 0-0 12. dxe5 dxe5 13. a4 Rfd8 14. Be2 Bb4 15. 0-0 Bc5+ 16. Kh1 b4 17. Nxc5 Bxe2 18. Qxe2 Nxc5 19. Nc4 Re8 20. Rfd1 Ncd7 21. Rd2 Nh5 22. Rad1 Rad8 23. Nxa5 Qxa5 24. Rxd7 Rxd7 25. Rxd7 Nf4 26. Qc4 Rf8 27. Re7 Qb6 28. Rxe5 Qf2 29. Rg5 Qe1+ 0-1

[Event "Titled Tuesday intern op 30th Aug Early"]
[Site "Chess.com INT"]
[Date "2022.08.30"]
[Round "4"]
[White "Vifleemskaia, Svetlana"]
[Black "Akinseye, Akinleye"]
[Result "1-0"]
[WhiteElo "1947"]
[BlackElo "1797"]
[PlyCount "25"]
[EventDate "2022.08.30"]
[EventType "swiss (blitz)"]
[EventRounds "11"]
[EventCountry "USA"]
[SourceTitle "EXT 2023"]
[Source "ChessBase"]
[SourceDate "2022.10.05"]
[SourceVersion "1"]
[SourceVersionDate "2022.10.05"]
[SourceQuality "1"]

1. d4 c6 2. c4 d6 3. Nc3 Nf6 4. e4 Qa5 5. Bd3 Nbd7 6. Nge2 e5 7. d5 cxd5 8. cxd5 Be7 9. 0-0 a6 10. a3 0-0 11. b4 Qc7 12. h3 Qxc3 13. Nxc3 1-0

[Event "Titled Tuesday intern op 23rd Aug Late"]
[Site "Chess.com INT"]
[Date "2022.08.23"]
[Round "2"]
[White "Akinseye, Akinleye"]
[Black "Melikhov, Evgeny V"]
[Result "0-1"]
[WhiteElo "1797"]
[BlackElo "2292"]
[PlyCount "70"]
[EventDate "2022.08.23"]
[EventType "swiss (blitz)"]
[EventRounds "11"]
[EventCountry "USA"]
[SourceTitle "EXT 2023"]
[Source "ChessBase"]
[SourceDate "2022.10.05"]
[SourceVersion "1"]
[SourceVersionDate "2022.10.05"]
[SourceQuality "1"]

1. e4 c5 2. d4 cxd4 3. c3 d3 4. Bxd3 Nc6 5. Nf3 d6 6. 0-0 Nf6 7. Bg5 e6 8. Nbd2 Be7 9. Rc1 0-0 10. Bb1 Qc7 11. Qc2 Ne5 12. h3 Ng6 13. Rcd1 h6 14. Be3 e5 15. Rfe1 Be6 16. Nf1 Nh5 17. Ng3 Nxg3 18. fxg3 f5 19. exf5 Bxf5 20. Qc1 Bxb1 21. Qxb1 Rf6 22. Nh4 Nxh4 23. gxh4 Raf8 24. Rf1 a6 25. Bf2 Rf5 26. Bg3 Qc4 27. Rxf5 Rxf5 28. Qxf5 Qe2 29. Qg4 Qxb2 30. Rf1 Qxa2 31. c4 Kh8 32. Qc8+ Kh7 33. Qxb7 Bf8 34. Rxf8 Qb1+ 35. Kh2 Qxb7 0-1

[Event "Titled Tuesday intern op 6th Dec 10am"]
[Site "Chess.com INT"]
[Date "2016.12.06"]
[Round "1"]
[White "Salomon, Johan"]
[Black "Akinseye, Akinleye"]
[Result "1-0"]
[WhiteElo "2470"]
[BlackElo "1797"]
[PlyCount "31"]
[EventDate "2016.12.06"]
[EventType "swiss (blitz)"]
[EventRounds "9"]
[EventCountry "USA"]
[SourceTitle "EXT 2021"]
[Source "ChessBase"]
[SourceDate "2020.10.23"]
[SourceVersion "1"]
[SourceVersionDate "2020.10.23"]
[SourceQuality "1"]

1. Nf3 f5 2. d3 e6 3. e4 fxe4 4. dxe4 Nf6 5. e5 Nd5 6. c4 Ne7 7. Bd3 Nec6 8. 0-0 Bc5 9. Qe2 0-0 10. Nc3 Nd4 11. Nxd4 Bxd4 12. Qe4 Bxc3 13. Qxh7+ Kf7 14. Bg6+ Ke7 15. Qxg7+ Rf7 16. Qxf7# 1-0

[Event "Titled Tuesday intern op1 5th July"]
[Site "Chess.com INT"]
[Date "2016.07.05"]
[Round "4"]
[White "Akinseye, Akinleye"]
[Black "Cheng, Xiao"]
[Result "1-0"]
[WhiteElo "1797"]
[BlackElo "2288"]
[PlyCount "53"]
[EventDate "2016.07.05"]
[EventType "swiss (blitz)"]
[EventRounds "9"]
[EventCountry "USA"]
[SourceTitle "EXT 2021"]
[Source "ChessBase"]
[SourceDate "2020.10.23"]
[SourceVersion "1"]
[SourceVersionDate "2020.10.23"]
[SourceQuality "1"]

1. e4 g6 2. d4 Bg7 3. Be3 c6 4. Nc3 d5 5. e5 h5 6. Qd2 Nh6 7. 0-0-0 Nf5 8. Bg5 b5 9. f3 h4 10. Bd3 Qa5 11. Bxf5 Bxf5 12. Kb1 b4 13. Nce2 Nd7 14. g4 Be6 15. h3 Nb6 16. b3 f6 17. exf6 exf6 18. Nf4 Bf7 19. Re1+ Kd7 20. Bxh4 Rxh4 21. Nge2 Re8 22. Ng3 Rhh8 23. Nd3 Kc7 24. Qf4+ Kb7 25. Nc5+ Ka8 26. Qc7 Rb8 27. Qxc6+ 1-0

[Event "Titled Tuesday intern op 5th July"]
[Site "Chess.com INT"]
[Date "2016.07.05"]
[Round "5"]
[White "Akinseye, Akinleye"]
[Black "Makarenko, Alexandra"]
[Result "0-1"]
[WhiteElo "1797"]
[BlackElo "2269"]
[PlyCount "52"]
[EventDate "2016.07.05"]
[EventType "swiss (blitz)"]
[EventRounds "9"]
[EventCountry "USA"]
[SourceTitle "EXT 2021"]
[Source "ChessBase"]
[SourceDate "2020.10.23"]
[SourceVersion "1"]
[SourceVersionDate "2020.10.23"]
[SourceQuality "1"]

1. d4 Nf6 2. Nf3 g6 3. e3 Bg7 4. Bd3 d5 5. 0-0 0-0 6. b3 Ne4 7. Bb2 f5 8. Nbd2 c5 9. Ne5 Nc6 10. f4 Bxe5 11. fxe5 Be6 12. a3 Qb6 13. Rb1 cxd4 14. exd4 Nxd4 15. Bxe4 dxe4 16. Kh1 Rad8 17. Bxd4 Qxd4 18. Nc4 Bxc4 19. Qxd4 Rxd4 20. bxc4 Rb8 21. c5 Rc4 22. Rb5 a6 23. Rb4 Rxc5 24. c4 Rxe5 25. Rfb1 b5 26. cxb5 Rexb5 0-1

[Event "Titled Tuesday intern op1 5th July"]
[Site "Chess.com INT"]
[Date "2016.07.05"]
[Round "8"]
[White "O'Brien, Matthew"]
[Black "Akinseye, Akinleye"]
[Result "0-1"]
[WhiteElo "2261"]
[BlackElo "1797"]
[PlyCount "100"]
[EventDate "2016.07.05"]
[EventType "swiss (blitz)"]
[EventRounds "9"]
[EventCountry "USA"]
[SourceTitle "EXT 2021"]
[Source "ChessBase"]
[SourceDate "2020.10.23"]
[SourceVersion "1"]
[SourceVersionDate "2020.10.23"]
[SourceQuality "1"]

1. e4 e5 2. Nf3 Nc6 3. Bb5 a6 4. Ba4 Nf6 5. 0-0 Be7 6. Re1 b5 7. Bb3 0-0 8. a4 b4 9. a5 Bc5 10. d3 d6 11. Be3 Bxe3 12. Rxe3 Bg4 13. h3 Bxf3 14. Rxf3 Nd4 15. Rg3 Nxb3 16. cxb3 Re8 17. Nd2 g6 18. Nc4 d5 19. exd5 Nxd5 20. Qd2 Nf4 21. Re1 f6 22. Kh2 Rb8 23. Rge3 Qd7 24. Rd1 Ne6 25. Rf3 Kg7 26. Re3 Nd4 27. Rde1 Nxb3 28. Qd1 Nd4 29. Re4 Ne6 30. b3 Nc5 31. R4e3 Rbd8 32. Qb1 Qd4 33. Rd1 e4 34. Rd2 exd3 35. Qd1 Rxe3 36. fxe3 Qd5 37. Qg4 Nxb3 38. Rb2 Nxa5 39. Nd2 c5 40. Rb1 c4 41. Rxb4 c3 42. Rd4 Qe5+ 43. g3 Rxd4 44. exd4 Qe2+ 45. Kg1 Qxg4 46. hxg4 cxd2 47. Kf2 d1Q 48. Ke3 Qe2+ 49. Kf4 d2 50. d5 Qe5+ 0-1